01384nas a2200325 4500001001300000003000900013005001700022007000300039008003400042040005400076041000900130072000800139100002200147100001500169100002400184100001600208100001900224245017300243246015500416650001400571650002100585650001000606650002500616773010000641856008100741909004000822942001800862999001900880952015900899BR2013006605BR-BrBNA20231205122827.0ta230509b bl.|||p| |||| 00| 00por d aBR-BrBNAbporcBiblioteca Nacional de Agricultura a(Pt) aF021 aOliveira, M.L. de1 aXavier, A.1 aPenchel Filho, R.M.1 aOtoni, W.C.1 aTeixeira, J.B.1 aEfeitos do meio de cultura e da relação bap/ana na multiplicação in vitro de clones de Eucalyptus grandis X E. urophylla em biorreator de imersão temporária1 aEffects of culture medium and bap/naa ratio on in vitro multiplication of Eucalyptus grandis X E. urophylla clones in a temporary immersion bioreactor aEUCALIPTO aCULTURA IN VITRO aCLONE aMICROPROPAGAÇÃO 0 tRevista Árvore (Brazil)xISSN 0100-6762 g(Nov-Dec 2011), v. 35(6) p. 1207-1217wBR20130066054 uhttp://www.scielo.br/pdf/rarv/v35n6/a07v35n6.pdfyRecurso eletrônico (PDF) a202311bLúciac55dLúcia Elande 2AGRISn0cANA c230797d230797 002AGRIS4071a41918b41918cPeriódicos Agrícolash(Nov-Dec 2011), v. 35(6) p. 1207-1217l0r2023-11-29t01yCRePortaria Interministerial nº 164/94